[Event "Oberfranken-ch U14 0304"]
[Site "Schney"]
[Date "2004.01.04"]
[Round "5"]
[White "Bonk, Andy"]
[Black "Schaller, Bastian"]
[Result "1/2-1/2"]
[WhiteElo "1277"]
[BlackElo "1265"]
[PlyCount "39"]
[EventDate "2004.01.02"]
[EventType "swiss"]
[EventRounds "7"]
[EventCountry "GER"]
[SourceTitle "EXT 2005"]
[Source "ChessBase"]
[SourceDate "2004.11.15"]
[SourceVersion "1"]
[SourceVersionDate "2004.11.15"]
[SourceQuality "1"]

1. e4 e5 2. f4 d5 3. exd5 c6 4. Nf3 exf4 5. d4 Nf6 6. Bxf4 cxd5 7. Bd3 Nc6 8. c3 Be7 9. 0-0 0-0 10. Nbd2 Bg4 11. Qe2 Re8 12. Qf2 Bd6 13. Bg5 h6 14. Bh4 Bf4 15. Rfe1 Qd6 16. Rxe8+ Rxe8 17. Re1 Bxf3 18. Nxf3 Ne4 19. Qe2 f5 20. Bf2 1/2-1/2

[Event "Oberfranken-ch U14 0304"]
[Site "Schney"]
[Date "2004.01.03"]
[Round "3"]
[White "Angermann, Fabian"]
[Black "Schaller, Bastian"]
[Result "1/2-1/2"]
[WhiteElo "1500"]
[BlackElo "1265"]
[PlyCount "126"]
[EventDate "2004.01.02"]
[EventType "swiss"]
[EventRounds "7"]
[EventCountry "GER"]
[SourceTitle "EXT 2005"]
[Source "ChessBase"]
[SourceDate "2004.11.15"]
[SourceVersion "1"]
[SourceVersionDate "2004.11.15"]
[SourceQuality "1"]

1. Nf3 Nc6 2. d3 e5 3. Nc3 d5 4. g3 Nf6 5. Bg2 Be6 6. 0-0 Bc5 7. e4 d4 8. Ne2 0-0 9. c3 Bg4 10. h3 Bxf3 11. Bxf3 h6 12. Bg2 Nd7 13. cxd4 Nxd4 14. Be3 Nb6 15. a3 a5 16. Rb1 Qd6 17. Kh2 Rab8 18. f4 Nxe2 19. Qxe2 Bxe3 20. Qxe3 Rbd8 21. Rbd1 exf4 22. Qxf4 Qxf4 23. gxf4 Rd7 24. Rf2 Rfd8 25. Bf1 c5 26. Rfd2 Nc4 27. Rf2 Ne3 28. Rdd2 Nxf1+ 29. Rxf1 Rxd3 30. Rxd3 Rxd3 31. Rf2 b5 32. Rc2 c4 33. a4 Rb3 34. axb5 Rxb5 35. Rxc4 Rxb2+ 36. Kg1 Rb4 37. Rc1 Rxe4 38. Rc8+ Kh7 39. Ra8 Rxf4 40. Rxa5 g6 41. Kg2 g5 42. Kg3 Kg6 43. Ra6+ Kh5 44. Ra5 f5 45. Ra2 Re4 46. Kf3 g4+ 47. hxg4+ Rxg4 48. Rh2+ Rh4 49. Rg2 Rg4 50. Rh2+ Kg5 51. Ra2 Rf4+ 52. Kg3 Rd4 53. Ra5 h5 54. Kf3 Rg4 55. Ra1 h4 56. Rh1 Rg3+ 57. Kf2 f4 58. Rh2 Kg4 59. Rh1 h3 60. Rh2 Rg2+ 61. Rxg2+ hxg2 62. Kxg2 f3+ 63. Kf1 Kg3 1/2-1/2